000 003730000a22001210004500
090 _aAR
_b04326
245 1 0 _aPolymorphism in the surface water bugs (Hemipt.-Heteropt: Gerroidea)
041 0 _aInglés
500 _a<Literatura de escarabajos coprófagos>
100 1 _aGuthrie, D. M.
_998201
942 _cARTICULO
773 1 _tJournal of Animal Ecology
_h1
_q141-152
_d1959
_g28
999 _c13423
_d13423